000 00566nam a2200181Ia 4500
008 090630s9999 xx 000 0 und d
082 _b21119
100 _aवर्तक उषा.
245 _aलहान भावंडे.
_cवर्तक उषा.
260 _bतुषार - पुणे.
300 _a16
600 _aवर्तक उषा.
630 _aलहान भावंडे.
655 _aबालवाङमय.
700 _aवर्तक उषा.
730 _aलहान भावंडे.
942 _cBOOK
999 _c272975
_d272975